Krasnobriďskyj monastyr "distav novu tvar"

Bibliographic Details
Main Author: Hrubovčák, Jozef (Author)
Format: Article
Language:Ukrainian
Subjects:

MARC

LEADER 00000nab a2200000 a 4500
001 vtls000556696
003 SK-MaSNL
005 20260319074717.0
008 150501c1995 xo 0 ukr
015 |a SNBRB19rr/mm-uuuuu 
035 |a CL0556834 
040 |a SNKBUCL  |b slo  |c SNKBUCL  |e AACR2 
041 0 |a ukr 
044 |a xo  |c SK 
080 |a 904(437.6):726.71(437.673)  |2 1981 
080 |a 726.71(437.673)  |2 1981 
100 1 |a Hrubovčák, Jozef  |4 aut  |9 265648 
245 1 0 |a Krasnobriďskyj monastyr "distav novu tvar"  |c Jozef Hrubovčák 
650 0 7 |a kláštory  |2 snkbucl  |9 3024 
651 7 |a 5402  |2 snkbucl  |9 366935 
651 7 |a Krásny Brod (Slovensko)  |2 snkbucl  |9 23793 
655 7 |a články z novín a časopisov  |2 snkbucl  |9 267496 
773 0 |t Narodny novynky  |g Roč. 4, č. 13 (1995), s. 3 
850 |a Slovenská národná knižnica v Martine  |a POA001 
852 |a SNK  |b KIS3GCP 
958 |a RK 
958 |a SK 
992 |a RBX 
999 |c 1611313  |d 1613243